Computer Networks (Record no. 3809)

MARC details
000 -LEADER
fixed length control field 00334nam a2200145Ia 4500
008 - FIXED-LENGTH DATA ELEMENTS--GENERAL INFORMATION
fixed length control field 191201s2014 xx 000 0 und d
082 ## - DEWEY DECIMAL CLASSIFICATION NUMBER
Classification number 004.6
Item number TAC
100 ## - MAIN ENTRY--PERSONAL NAME
Personal name TANENBAUM,Andrew S
245 #0 - TITLE STATEMENT
Title Computer Networks
250 ## - EDITION STATEMENT
Edition statement Rep.
260 ## - PUBLICATION, DISTRIBUTION, ETC. (IMPRINT)
Place of publication, distribution, etc N.Delhi
Name of publisher, distributor, etc pearson
Date of publication, distribution, etc 2014
300 ## - PHYSICAL DESCRIPTION
Extent 804
650 ## - SUBJECT ADDED ENTRY--TOPICAL TERM
Topical term or geographic name as entry element B.Tech(ECE)
942 ## - ADDED ENTRY ELEMENTS (KOHA)
Source of classification or shelving scheme Dewey Decimal Classification
Koha item type Text Books
Holdings
Withdrawn status Lost status Source of classification or shelving scheme Damaged status Not for loan Collection code Home library Current library Date acquired Source of acquisition Cost, normal purchase price Bill Number Total Checkouts Full call number Acc. no. / Barcode Date last seen Bill Date Koha item type Date last borrowed Public note
    Dewey Decimal Classification     Computer Science and Engineering in AI & Machine Learning PIET C-LIBRARY PIET C-LIBRARY 25/02/2009 J B C, New Delhi 325.00 SI-5591   004.6 TAC 11324 04/12/2019 06/02/2009 Text Books    
    Dewey Decimal Classification     Computer Science and Engineering in AI & Machine Learning PIET C-LIBRARY PIET C-LIBRARY 25/02/2009 J B C, New Delhi 325.00 SI-5590   004.6 TAC 11325 04/12/2019 06/02/2009 Text Books    
    Dewey Decimal Classification     Computer Science and Engineering in AI & Machine Learning PIET C-LIBRARY PIET C-LIBRARY 25/02/2009 J B C, New Delhi 325.00 SI-5590 1 004.6 TAC 11326 24/12/2025 06/02/2009 Text Books 16/12/2025  
    Dewey Decimal Classification     Computer Science and Engineering in AI & Machine Learning PIET C-LIBRARY PIET C-LIBRARY 25/02/2009 J B C, New Delhi 325.00 SI-5590   004.6 TAC 11327 04/12/2019 06/02/2009 Text Books    
    Dewey Decimal Classification     B.Tech(CSE) PIET C-LIBRARY PIET C-LIBRARY 25/02/2009 J B C, New Delhi 325.00 SI-5590 1 004.6 TAC 11328 07/11/2024 06/02/2009 Text Books 20/09/2024  
    Dewey Decimal Classification     B.Tech(CSE) PIET C-LIBRARY PIET C-LIBRARY 25/02/2009 J B C, New Delhi 325.00 SI-5590   004.6 TAC 11329 04/12/2019 06/02/2009 Text Books   Damage

Design & Developed by: PIET Central Library
R70 Miles Stone Pattikalyana Samalkha Panipat 132102
mail ID :- [email protected], Phone No:- 0180-2569700 Ex.216